000 00313nam a2200133Ia 4500
008 240624s9999 xx 000 0 und d
041 _aeng
082 _a823 NAR
100 _aNARAYAN R K
245 _aDARK ROOM
260 _c2004
_aChennai
_bIndian Thought Publications
300 _a162 : cm. ; 22
365 _cRS
999 _c2295
_d2295